000 00767nam a2200253Ia 4500
003 OSt
005 20220927111142.0
006 a|||||r|||| 00| 0
007 ta
008 220926b |||||||| |||| 00| 0 eng d
024 _a103317
037 _cReports
040 _aRTL
_cRTL
_beng
041 _2eng
_aeng
082 _a"z.216.N74t5, L2"
110 _a"Andhra Pradesh, Planning And Co-Operation (Deptt)"
_9381503
245 0 _aFifth five year plan
_b Approach-technical papers
260 _aHyderabad
_bGovt Press India
_c1972
300 _a112p.
_ccm.
650 _aGeneralia
700 _a"Andhra Pradesh, Planning And Co-Operation (Deptt)"
_9381504
942 _h"z.216.N74t5, L2"
_cCC
999 _c698749
_d698749